| 000 | 00693nam a2200205 i 4500 | ||
|---|---|---|---|
| 001 | 34266 | ||
| 003 | ES-MaACL | ||
| 005 | 20250905123705.0 | ||
| 007 | t| | ||
| 008 | 030204s1982 mx ||||1| spa d | ||
| 100 | 1 |
_aBloch, Ernst. _929505 |
|
| 245 | 1 | 0 |
_aSujeto-objeto _b: (el pensamiento de Hegel) / _cErnst Bloch ; [traducción de Wenceslao Roces y otros]. |
| 250 | _a[2ª ed.]. | ||
| 260 |
_aMéxico, etc. : _bFondo de Cultura Económica, _c[1982] |
||
| 300 |
_a514 p. ; _c21 cm. |
||
| 600 | 0 | 4 |
_aHegel, Georg Wilhelm Friedrich- _xCrítica e interpretación. _962317 |
| 700 | 1 |
_aRoces, Wenceslao, _d1897-1992 _998039 |
|
| 852 |
_aES-MaACL _jL-4151 _bR.104792 |
||
| 999 |
_c34266 _d34266 |
||